Zona cero

সংরক্ষণ করুন:
গ্রন্থ-পঞ্জীর বিবরন
প্রধান লেখক: Bisama Mayné, Alvaro Salvador (Author)
বিন্যাস: গ্রন্থ
ভাষা:স্প্যানিশ
প্রকাশিত: Valparaíso Gobierno Regional de Valparaíso 2003
মালা:Crónica
বিষয়গুলি:
ট্যাগগুলো: ট্যাগ যুক্ত করুন
কোনো ট্যাগ নেই, প্রথমজন হিসাবে ট্যাগ করুন!

MARC

LEADER 00000nam a2200000 a 4500
001 UCL4509
003 CL-VaPUC
008 040116e20030000CL |||||||||||||||||spa|d
020 |a 9567944500 
082 0 4 |a Ch863  |b BIS  |2 21 
100 0 |a Bisama Mayné, Alvaro Salvador  |e author  |9 482044 
245 1 0 |a Zona cero 
300 |a 140 p 
942 |c BK 
945 |d 20040116 00:00:00  |a cmena 
260 |a Valparaíso  |b Gobierno Regional de Valparaíso  |c 2003 
650 0 |a Crónicas chilenas  |9 321511 
650 0 |a Literatura chilena   |9 308278 
583 |a last modification  |c 20040116 00:00:00  |k Rodrigo Vera 
490 0 |a Crónica 
999 |c 307333  |d 307331 
952 |0 0  |1 0  |4 0  |6 CH_863_000000000000000_BIS_2003  |7 0  |8 A  |9 373208  |a BIBEDU  |b BIBEDU  |d 2019-11-21  |i 3982963  |o Ch863 BIS 2003  |p 3982963  |r 2019-11-21  |w 2019-11-21  |y BK  |k LIT 
952 |0 0  |1 0  |4 0  |6 CH_863_000000000000000_BIS_2003  |7 0  |8 A  |9 373209  |a BIBEDU  |b BIBEDU  |d 2019-11-21  |i 3983080  |o Ch863 BIS 2003  |p 3983080  |r 2019-11-21  |w 2019-11-21  |y BK  |k EDU